02668nam a2200385 i 4500001001000000003000900010005001700019007000300036008004100039040003000080082001300110111012500123245006500248264007900313300003900392336002700431337003300458338002800491504007300519590002700592910001400619942001400633952015000647952014900797952014900946952014901095952014901244952014901393952016201542952014901704952013801853952014401991952013002135999001702265000026604DO-SdBNP20230915112522.0ta110324s1952 dr a 000 0 spa d aDO-SdBNPbspacBNPHUerda bM5332222 aCongreso histórico municipal interamericanon(5 :d1952 abril. 23-30cCiudad Trujillo, República Dominicana )95370910aMemoria del V congreso histórico municipal interamericano. 1aCiudad Trujillo, República Dominicana :b[editor no identificado]c1952. a2 volumenesbilustracionesc23 cm. 2rdacontentatextobtxt 2rdamediaasin mediaciónbn 2rdacarrieravolumenbnc aIncluye referencias bibliográficas y notas al pie de las páginas aInventariado, 2023/ YL aYLockward 2ddccLBS1 00102ddc55708PD-RVaBNPHUbBNPHUcHDd2013-05-07iLF1l0oBNPHU R-RVp26604-100r2020-06-25tv. 1, e. 5w2020-06-25yLBS1ZPréstamo en sala 00102ddc55708PD-RVaBNPHUbBNPHUcHDd2011-03-31iLF1l0oBNPHU R-RVp26604-30r2020-06-25tv. 1, e. 3w2020-06-25yLBS1ZPréstamo en sala 00102ddc55708PD-RVaBNPHUbBNPHUcHDd2011-03-31iLF1l0oBNPHU R-RVp26604-40r2020-06-25tv. 1, e. 4w2020-06-25yLBS1ZPréstamo en sala 00102ddc55708PD-RVaBNPHUbBNPHUcHDd2011-04-01iLF1l0oBNPHU R-RVp26604-70r2020-06-25tv. 2, e. 3w2020-06-25yLBS1ZPréstamo en sala 00102ddc55708PD-RVaBNPHUbBNPHUcHDd2011-05-03iLF1l0oBNPHU R-RVp26604-80r2020-06-25tv. 2, e. 4w2020-06-25yLBS1ZPréstamo en sala 00102ddc55708PD-RVaBNPHUbBNPHUcHDd2011-12-13iLF1l0oBNPHU R-RVp26604-90r2020-06-25tv. 2, e. 5w2020-06-25yLBS1ZPréstamo en sala 00102ddc51708PD-RVaBNPHUbBNPHUcHDd2011-03-24eJosé E. Garcia AybariLF1l0oBNPHU PD-RVp26604-10r2020-06-25tv. 1w2020-06-25yLBS1ZNo se presta 00102ddc51708PD-RVaBNPHUbBNPHUcHDd2011-03-30iLF1l0oBNPHU PD-RV M533p26604-20r2020-06-25tv. 1, e. 2w2020-06-25yLBS1ZNo se presta 00102ddc51708PD-RVaBNPHUbBNPHUcHDd2011-04-01iLF1l0oBNPHU PD-RVp26604-50r2020-06-25tv. 2w2020-06-25yLBS1ZNo se presta 00102ddc51708PD-RVaBNPHUbBNPHUcHDd2011-04-01iLF1l0oBNPHU PD-RVp26604-60r2020-06-25tv. 2, e. 2w2020-06-25yLBS1ZNo se presta 00102ddc55708PD-RVaBNPHUbBNPHUcHDd2013-05-07iLF1l0oBNPHU R-RVp2023-5945r2023-09-15tv. 1, e. 6w2020-06-25yLBS1 c26096d26096